Návrh a realizácia informačného systému pre spoločnosť HKS Forge, s.r.o.

Salvato in:
Dettagli Bibliografici
Autore principale: Ležovič, Juraj (Autore)
Altri autori: Juhás, Martin (Relatore della tesi)
Natura: Manoscritto Libro
Lingua:slovacco
Pubblicazione: 2016
Soggetti:
Accesso online:http://is.stuba.sk/zp/portal_zp.pl?podrobnosti=105781
Tags: Aggiungi Tag
Nessun Tag, puoi essere il primo ad aggiungerne!!

MARC

LEADER 00000ntm a22000003a 4500
001 stuzp55120
003 SK-STU
005 20160719154706.6
007 ta
008 150427s2015----xo-----f-mn---000-0-slo-d
040 |a STU  |b slo 
041 0 |a slo 
100 1 |a Ležovič, Juraj  |u 066000  |4 aut  |U MTF Materiálovotechnologická fakulta  |T MTF Ústav aplikovanej informatiky, automatizácie a mechatroniky  |X 71534  |U M6000  |Y 86  |7 71534 
242 0 1 |a Design and implementation of information system for company HKS Forge, s.r.o.  |y eng 
245 1 0 |a Návrh a realizácia informačného systému pre spoločnosť HKS Forge, s.r.o. 
260 |c 2016 
650 4 |a informačný systém  |2 slo 
650 4 |a databáza  |2 slo 
650 4 |a SQL  |2 slo 
650 4 |a aplikácia  |2 slo 
650 4 |a C Sharp  |2 slo 
650 4 |a information system  |2 eng 
650 4 |a database  |2 eng 
650 4 |a SQL  |2 eng 
650 4 |a application  |2 eng 
650 4 |a C Sharp  |2 eng 
700 1 |a Juhás, Martin  |u 066000  |k Z1  |4 ths  |U MTF Materiálovotechnologická fakulta  |T MTF Ústav aplikovanej informatiky, automatizácie a mechatroniky  |X 2855  |U M6000  |Y 86  |7 A000002855 
856 4 |u http://is.stuba.sk/zp/portal_zp.pl?podrobnosti=105781 
996 |c M* BP-7595  |l MMSKP  |s P  |a 0  |w stuzp55120_0001 
SQL |a stuzp55120  |b DBP  |c SLO  |d Návrh a realizácia informačného systému pre spoločnosť HKS Forge, s.r.o.  |e 71534  |f Ležovič, Juraj  |g 066000  |h 2855  |i Juhás, Martin  |j 20160621  |k 168  |l 06  |m http://is.stuba.sk/zp/portal_zp.pl?podrobnosti=105781  |n B-AIA  |o 5.2.14. automatizácia, 9.2.9. aplikovaná informatika